पर्यावरण संतुलनासाठी हिरवं सोनं (Record no. 470227)

MARC details
000 -LEADER
fixed length control field 00643nam a2200145Ia 4500
008 - FIXED-LENGTH DATA ELEMENTS--GENERAL INFORMATION
fixed length control field 100204s9999 xx 000 0 und d
082 ## - DEWEY DECIMAL CLASSIFICATION NUMBER
Item number 25046
100 ## - MAIN ENTRY--PERSONAL NAME
Personal name पटवर्धन सरिता
245 ## - TITLE STATEMENT
Title पर्यावरण संतुलनासाठी हिरवं सोनं
260 ## - PUBLICATION, DISTRIBUTION, ETC. (IMPRINT)
Name of publisher, distributor, etc "मेहता पब्लिशिंग हाऊस , पुणे"
Date of publication, distribution, etc 1999
300 ## - PHYSICAL DESCRIPTION
Extent 86
630 ## - SUBJECT ADDED ENTRY--UNIFORM TITLE
Uniform title पर्यावरण संतुलनासाठी हिरवं सोनं
730 ## - ADDED ENTRY--UNIFORM TITLE
Uniform title पर्यावरण संतुलनासाठी हिरवं सोनं
942 ## - ADDED ENTRY ELEMENTS (KOHA)
Koha item type Book
Holdings
Withdrawn status Lost status Damaged status Not for loan Home library Current library Date acquired Cost, normal purchase price Total Checkouts Full call number Barcode Date last seen Cost, replacement price Price effective from Koha item type
        N. C. Kelkar Sarvajanik Library, Mulund N. C. Kelkar Sarvajanik Library, Mulund 03/01/2002 60.00   25046 NCKMULUND-25046 02/04/2010 60.00 02/04/2010 Book